000 00603nam a22001817a 4500
003 OSt
005 20251204100841.0
008 251204b |||||||| |||| 00| 0 eng d
040 _aSEKU
050 _aQC 903
_b.N63
100 _aNyamai, David Makau Kalia
245 _aClimate change perception, vulnerability and adaptation among smallholder farmers in Machakos County, Kenya /
_cDavid Makau Kalia Nyamai.
260 _aKitui :
_bSEKU,
_c2024
300 _a195 p.
650 _aClimatic changes
650 _aClimate Change
_xVariability on Agriculture
942 _2lcc
_cPRJ
_hQC 903
_i.N63
999 _c18728
_d18728